|
|
|
|
| LEADER |
00000nab a2200000 ar4500 |
| 001 |
vtls008961407 |
| 003 |
SK-MaSNL |
| 005 |
20260319071322.0 |
| 008 |
070309c20060530xo |||||||| 000 b|hun |
| 015 |
|
|
|a SNBRB2007/03
|2 snkbucl
|
| 038 |
|
|
|a SNKBUCL
|
| 040 |
|
|
|a DSZK
|b slo
|c DSZK
|e AACR2
|
| 041 |
0 |
|
|a hun
|
| 044 |
|
|
|a xo
|c SK
|
| 080 |
|
|
|a 008:061.22
|x (=511.141)
|x (437.6)
|2 1997
|
| 080 |
|
|
|a 061.7
|2 1997
|
| 100 |
1 |
|
|a Szászi, Zoltán,
|d 1964-
|4 aut
|9 102323
|
| 245 |
1 |
0 |
|a Megnyílt a Múzsák Háza
|b kulturális intézménnyel gyarapodott Rimaszombat ...
|c Szászi Zoltán
|
| 300 |
|
|
|b Fotogr.
|
| 610 |
2 |
7 |
|a Dom múz (Rimavská Sobota, Slovensko)
|2 snkbucl
|9 1058695
|
| 648 |
|
7 |
|a 2006
|2 snkbucl
|9 313148
|
| 651 |
|
7 |
|a Rimavská Sobota (Slovensko)
|2 snkbucl
|9 28655
|
| 773 |
0 |
|
|t Új szó
|g Évf. 59, sz. 123 (30.5.2006), o. 4
|
| 852 |
|
|
|a SNK
|b KIS3GCP
|
| 852 |
|
|
|a DSZK
|b KIS3GCP
|
| 958 |
|
|
|a HU
|
| 958 |
|
|
|a SK
|
| 999 |
|
|
|c 1756467
|d 1758397
|